| LEADER | 01022nam a2200349 4500 | ||
|---|---|---|---|
| 001 | DLU110121541 | ||
| 005 | ##20110519 | ||
| 008 | ##830719s1934 nyua b 001 0 eng | ||
| 010 | # | # | |a 46028247 |
| 035 | # | # | |9 (DLC) 46028247 |
| 035 | # | # | |a (OCoLC)9717715 |
| 040 | # | # | |a DLC |c CU-S |d DLC |
| 082 | # | # | |a 515.56 |b WE-J |
| 100 | # | # | |a Wedderburn, J. H. M. |q (Joseph Henry Maclagan), |d 1882-1948. |
| 245 | # | # | |a Lectures on matrices / |c by J. H. M. Wedderburn. |
| 260 | # | # | |a New York : |b American Mathematical Society, |c 1934. |
| 300 | # | # | |a vii, [2], 205 p. : |b diagrs. ; |c 26 cm. |
| 500 | # | # | |a "Lectures on matrices given at Princeton University at various times since 1920."--Pref. |
| 504 | # | # | |a Bibliography: p. 172-193, 201-205. |
| 650 | # | # | |a Matrices. |
| 923 | # | # | |a 01/2011TN |
| 990 | # | # | |a t.XVII |
| 991 | # | # | |a GT |
| 992 | # | # | |a 0 |
| 994 | # | # | |a KTN |
| 900 | # | # | |a True |
| 911 | # | # | |a Đào Thị Thu Huyền |
| 925 | # | # | |a G |
| 926 | # | # | |a A |
| 927 | # | # | |a SH |
| 980 | # | # | |a Thư viện Trường Đại học Đà Lạt |


